| 000 | 01114nam a22002777a 4500 | ||
|---|---|---|---|
| 005 | 20101206113148.0 | ||
| 008 | 101206t xxu||||| |||| 00| 0 hin d | ||
| 010 | _aHIN-93253 | ||
| 020 |
_c200.00 _a9788188214957 |
||
| 035 | _aHN-65599 | ||
| 037 | _bDBAD/PUB | ||
| 040 |
_aDPL _bHN |
||
| 082 | _a821.08 | ||
| 100 |
_924598 _aश्याम विद्यार्थी |
||
| 245 |
_aसुकृति-सुवासः _cश्याम विद्यार्थी _bसमीक्षात्मक कृति / |
||
| 246 | _bby | ||
| 260 |
_aइलाहाबाद _bविभा प्रकाशन _c2011 |
||
| 270 |
_bइलाहाबाद _a50, चाहचन्द _e211003 |
||
| 300 |
_a168पृ. _c22सेमी (सजिल्द) |
||
| 650 | _91169 | ||
| 650 | _929580 | ||
| 700 | _924599 | ||
| 700 | _924924 | ||
| 942 |
_2ddc _cHN _mश्यामवि _h821.08 |
||
| 999 |
_c53989 _d53989 |
||